[Event "CHN-ch U20 Girls"]
[Site "Shanghai"]
[Date "2024.02.20"]
[Round "9"]
[White "Ding, Shirui"]
[Black "Zhou, Shujun"]
[Result "1/2-1/2"]
[WhiteElo "1491"]
[BlackElo "1740"]
[PlyCount "68"]
[EventDate "2024.02.16"]
[EventType "swiss"]
[EventRounds "11"]
[EventCountry "CHN"]
[SourceTitle "CB09_2024"]
[SourceDate "2024.02.28"]
[SourceVersion "1"]
[SourceVersionDate "2024.02.28"]
[SourceQuality "1"]

1. d4 d5 2. c4 e6 3. Nf3 Nf6 4. Nc3 dxc4 5. e4 b5 6. e5 Nd5 7. Nxb5 Nb6 8. Bg5 Qd7 9. Nc3 h6 10. Be3 Bb7 11. Be2 Nc6 12. Rc1 Nb4 13. a3 N4d5 14. Nb1 Qb5 15. Qc2 Nxe3 16. fxe3 Rb8 17. Nbd2 Ba6 18. b4 g5 19. Nxc4 Nxc4 20. Bxc4 Qxc4 21. Qxc4 Bxc4 22. Rxc4 a5 23. 0-0 axb4 24. axb4 Rxb4 25. Rxc7 Bg7 26. Nd2 0-0 27. h3 f6 28. exf6 Rxf6 29. Rxf6 Bxf6 30. Ne4 Bg7 31. Nc5 e5 32. Ne6 Bf6 33. d5 e4 34. Rd7 Be5 1/2-1/2

[Event "CHN-ch U20 Girls"]
[Site "Shanghai"]
[Date "2024.02.19"]
[Round "8"]
[White "Zhou, Shujun"]
[Black "Cai, Boheng"]
[Result "1/2-1/2"]
[WhiteElo "1740"]
[BlackElo "1854"]
[PlyCount "68"]
[EventDate "2024.02.16"]
[EventType "swiss"]
[EventRounds "11"]
[EventCountry "CHN"]
[SourceTitle "CB09_2024"]
[SourceDate "2024.02.28"]
[SourceVersion "1"]
[SourceVersionDate "2024.02.28"]
[SourceQuality "1"]

1. d4 Nf6 2. c4 e6 3. Nc3 Bb4 4. Qc2 0-0 5. a3 Bxc3+ 6. Qxc3 d6 7. Bg5 h6 8. Bh4 Nbd7 9. Nf3 b6 10. e3 Bb7 11. Be2 Qe7 12. 0-0 e5 13. Bxf6 Qxf6 14. dxe5 Nxe5 15. Nxe5 dxe5 16. f4 Qg6 17. Rf2 exf4 18. exf4 f5 19. Bf3 Bxf3 20. Rxf3 Rfe8 21. Re1 Rxe1+ 22. Qxe1 Re8 23. Re3 Rxe3 24. Qxe3 Qd6 25. b4 Kf7 26. c5 bxc5 27. bxc5 Qd5 28. Kf2 c6 29. h4 g6 30. Kg3 a5 31. Qc3 a4 32. Qa5 Kf6 33. Qc3+ Kf7 34. Qa5 Kf6 1/2-1/2

[Event "CHN-ch U20 Girls"]
[Site "Shenzhen"]
[Date "2023.08.01"]
[Round "10"]
[White "Cai, Youyang"]
[Black "Zhou, Shujun"]
[Result "1-0"]
[WhiteElo "2011"]
[BlackElo "1716"]
[PlyCount "129"]
[EventDate "2023.07.28"]
[EventType "swiss"]
[EventRounds "11"]
[EventCountry "CHN"]
[SourceTitle "CBM 215 Extra"]
[Source "ChessBase"]
[SourceDate "2023.09.30"]
[SourceVersion "1"]
[SourceVersionDate "2023.09.30"]
[SourceQuality "1"]

1. e4 c6 2. d4 d5 3. Nc3 dxe4 4. Nxe4 Bf5 5. Ng3 Bg6 6. h4 h6 7. Nf3 Nd7 8. h5 Bh7 9. Bd3 Bxd3 10. Qxd3 e6 11. Bd2 Ngf6 12. 0-0-0 Qc7 13. Kb1 0-0-0 14. Ne4 Nxe4 15. Qxe4 Nf6 16. Qe2 Rd5 17. c4 Rxh5 18. Rxh5 Nxh5 19. Ne5 Nf6 20. Bf4 Bd6 21. Nxf7 Qxf7 22. Bxd6 Qg6+ 23. Ka1 Qe4 24. Qd2 b6 25. f3 Qf5 26. Qe3 Kd7 27. g4 Qg6 28. Bf4 Ke7 29. Qa3+ Kf7 30. Qxa7+ Kg8 31. Qxb6 Kh7 32. Qb3 Qf7 33. Qd3+ g6 34. Qe3 h5 35. Be5 Rf8 36. a3 Nd7 37. gxh5 Nxe5 38. Qxe5 gxh5 39. Rh1 Kh6 40. Qe3+ Qf4 41. Qxe6+ Rf6 42. Qe8 Qxf3 43. Qh8+ Kg5 44. Qg7+ Kf5 45. Rg1 Ke4 46. Re1+ Kd3 47. Qh7+ Qf5 48. Qe7 Qf3 49. d5 cxd5 50. cxd5 Rb6 51. d6 Qf2 52. Qe4+ Kd2 53. d7 Qxe1+ 54. Qxe1+ Kxe1 55. d8Q Re6 56. Qh4+ Kd2 57. Qxh5 Re1+ 58. Ka2 Re3 59. a4 Ke1 60. a5 Kf2 61. a6 Kg1 62. a7 Rg3 63. a8Q Rg2 64. Qxg2+ Kxg2 65. b4 1-0

[Event "CHN-ch U20 Girls"]
[Site "Shenzhen"]
[Date "2023.08.01"]
[Round "9"]
[White "Zhang, Jingwen"]
[Black "Zhou, Shujun"]
[Result "0-1"]
[WhiteElo "1481"]
[BlackElo "1716"]
[PlyCount "40"]
[EventDate "2023.07.28"]
[EventType "swiss"]
[EventRounds "11"]
[EventCountry "CHN"]
[SourceTitle "CBM 215 Extra"]
[Source "ChessBase"]
[SourceDate "2023.09.30"]
[SourceVersion "1"]
[SourceVersionDate "2023.09.30"]
[SourceQuality "1"]

1. d4 d5 2. c4 e6 3. Nc3 Nf6 4. Nf3 a6 5. Bg5 dxc4 6. e4 b5 7. e5 h6 8. Bh4 g5 9. Nxg5 hxg5 10. Bxg5 Nbd7 11. Qf3 Rb8 12. Bxf6 Nxf6 13. Qxf6 Qxf6 14. exf6 Rh6 15. Ne4 Bb7 16. f3 Bxe4 17. fxe4 c5 18. d5 exd5 19. exd5 Rxf6 20. Be2 Rf5 0-1

[Event "CHN-ch U20 Girls"]
[Site "Shenzhen"]
[Date "2023.07.31"]
[Round "7"]
[White "Zhou, Shujun"]
[Black "Li, Zimeng"]
[Result "1-0"]
[WhiteElo "1716"]
[BlackElo "1581"]
[PlyCount "49"]
[EventDate "2023.07.28"]
[EventType "swiss"]
[EventRounds "11"]
[EventCountry "CHN"]
[SourceTitle "CBM 215 Extra"]
[Source "ChessBase"]
[SourceDate "2023.09.30"]
[SourceVersion "1"]
[SourceVersionDate "2023.09.30"]
[SourceQuality "1"]

1. d4 d5 2. Nc3 Nf6 3. Bf4 c6 4. e3 Bf5 5. Nf3 e6 6. Ne5 Bb4 7. g4 Bg6 8. f3 h5 9. g5 Nfd7 10. Nxg6 fxg6 11. Qd3 Kf7 12. e4 Re8 13. 0-0-0 Qa5 14. Bd2 Nb6 15. f4 Nc4 16. f5 exf5 17. exf5 Ba3 18. fxg6+ Kg8 19. Qf3 Bxb2+ 20. Kb1 Nxd2+ 21. Rxd2 Re1+ 22. Rd1 Ba3 23. Qf7+ Kh8 24. Qxb7 Qxc3 25. Qc8+ 1-0

[Event "CHN-chB (Women)"]
[Site "Hangzhou"]
[Date "2019.07.07"]
[Round "11"]
[White "Zhou, Shujun"]
[Black "Zou, Xinyi"]
[Result "1-0"]
[WhiteElo "1780"]
[BlackElo "1670"]
[PlyCount "65"]
[EventDate "2019.07.02"]
[EventType "swiss"]
[EventRounds "11"]
[EventCountry "CHN"]
[SourceTitle "CBM 191 Extra"]
[Source "ChessBase"]
[SourceDate "2019.09.30"]
[SourceVersion "1"]
[SourceVersionDate "2019.09.30"]
[SourceQuality "1"]

1. d4 Nf6 2. c4 e6 3. Nc3 Bb4 4. Qc2 0-0 5. a3 Bxc3+ 6. Qxc3 d5 7. e3 Nbd7 8. Nf3 c6 9. Bd3 Qc7 10. 0-0 Re8 11. cxd5 exd5 12. b4 Ne4 13. Qc2 f6 14. Re1 Nf8 15. Nd2 Nxd2 16. Bxd2 Qd6 17. Bc3 Bd7 18. Rad1 Rad8 19. f3 a6 20. e4 dxe4 21. fxe4 Bg4 22. Rd2 Qf4 23. Rf2 Qd6 24. h3 Bh5 25. Bc4+ Kh8 26. e5 fxe5 27. dxe5 Qg6 28. Qxg6 Bxg6 29. e6 Re7 30. Bd4 Ra8 31. Bc5 Ree8 32. Ref1 b5 33. Bb3 1-0

[Event "CHN-chB (Women)"]
[Site "Hangzhou"]
[Date "2019.07.04"]
[Round "5"]
[White "Zhou, Shujun"]
[Black "Zhao, Yuetong"]
[Result "1/2-1/2"]
[WhiteElo "1780"]
[BlackElo "1458"]
[PlyCount "89"]
[EventDate "2019.07.02"]
[EventType "swiss"]
[EventRounds "11"]
[EventCountry "CHN"]
[SourceTitle "CBM 191 Extra"]
[Source "ChessBase"]
[SourceDate "2019.09.30"]
[SourceVersion "1"]
[SourceVersionDate "2019.09.30"]
[SourceQuality "1"]

1. d4 Nf6 2. c4 e6 3. Nc3 d5 4. Nf3 Nbd7 5. e3 c6 6. Bd3 Be7 7. 0-0 0-0 8. Qc2 dxc4 9. Bxc4 b5 10. Bd3 Bb7 11. e4 b4 12. Na4 h6 13. Rd1 Qc7 14. Be3 Rfc8 15. Rac1 Qa5 16. b3 Ba6 17. Bxa6 Qxa6 18. Nc5 Nxc5 19. dxc5 Rd8 20. Bf4 Qb7 21. Bd6 Ne8 22. e5 Rd7 23. Qe4 Nc7 24. Nd4 Nd5 25. Ne2 a5 26. Qc2 Bg5 27. Ra1 Qa6 28. g3 Be7 29. Qc4 a4 30. Nd4 axb3 31. Qxb3 Rb7 32. Nc2 Bd8 33. Rd4 Qa4 34. Rb1 Qxb3 35. Rxb3 Rxa2 36. Nxb4 Ra1+ 37. Kg2 Ba5 38. Nxd5 Rxb3 39. Ne7+ Kh7 40. Nxc6 Rb2 41. Ne7 Raa2 42. Rf4 Be1 43. c6 Bxf2 44. c7 Bb6+ 45. Kf3 1/2-1/2

[Event "CHN-chN (Women)"]
[Site "Jiangmen"]
[Date "2018.07.22"]
[Round "9"]
[White "Li, Xinyu"]
[Black "Zhou, Shujun"]
[Result "1-0"]
[WhiteElo "2029"]
[BlackElo "1722"]
[PlyCount "125"]
[EventDate "2018.07.18"]
[EventType "swiss"]
[EventRounds "11"]
[EventCountry "CHN"]
[SourceTitle "CBM 185 Extra"]
[Source "ChessBase"]
[SourceDate "2018.07.29"]
[SourceVersion "1"]
[SourceVersionDate "2018.07.29"]
[SourceQuality "1"]

1. d4 d5 2. c4 e6 3. Nf3 Nf6 4. Bg5 Be7 5. Nc3 Nbd7 6. e3 0-0 7. Rc1 dxc4 8. Bxc4 c5 9. 0-0 Nb6 10. Be2 cxd4 11. Nxd4 Nfd5 12. Bxe7 Qxe7 13. Nxd5 Nxd5 14. Qb3 Qb4 15. Qxb4 Nxb4 16. a3 Nd5 17. Bf3 Rd8 18. Rfd1 a6 19. Ne2 Rd7 20. Bxd5 Rxd5 21. Rxd5 exd5 22. Rc7 Rb8 23. Nd4 Be6 24. Kf1 h5 25. Ke2 Bc8 26. Kd3 g6 27. Kc3 Kg7 28. Kb4 Kg8 29. g3 Kg7 30. Kc5 Kf6 31. Kb6 Bh3 32. Ka7 Rh8 33. Kxb7 Bf1 34. Rc8 Rxc8 35. Kxc8 Ke5 36. Kd7 g5 37. Ke7 f5 38. Nf3+ Ke4 39. Nxg5+ Kd3 40. Kd6 Ke2 41. Kxd5 Kxf2 42. Ke5 Bd3 43. Kf4 Ke2 44. b4 Kd2 45. Ne6 Kc3 46. Nc5 Be2 47. Kxf5 Kb2 48. a4 Ka3 49. b5 axb5 50. axb5 Bxb5 51. e4 Kb4 52. Ne6 Bd7 53. Kf6 Kc4 54. Nf4 Kd4 55. e5 Be8 56. e6 Ke4 57. e7 h4 58. g4 Kxf4 59. g5 Kg4 60. g6 Bxg6 61. Kxg6 Kh3 62. Kh5 Kxh2 63. Kxh4 1-0

[Event "CHN-chN (Women)"]
[Site "Jiangmen"]
[Date "2018.07.21"]
[Round "8"]
[White "Zhou, Shujun"]
[Black "Zhao, Shengxin"]
[Result "1/2-1/2"]
[WhiteElo "1722"]
[BlackElo "2092"]
[PlyCount "72"]
[EventDate "2018.07.18"]
[EventType "swiss"]
[EventRounds "11"]
[EventCountry "CHN"]
[SourceTitle "CBM 185 Extra"]
[Source "ChessBase"]
[SourceDate "2018.07.29"]
[SourceVersion "1"]
[SourceVersionDate "2018.07.29"]
[SourceQuality "1"]

1. d4 d5 2. c4 c6 3. Nf3 e6 4. e3 Nf6 5. Nc3 Nbd7 6. Bd3 dxc4 7. Bxc4 b5 8. Bd3 Bb7 9. a3 a6 10. 0-0 c5 11. dxc5 Nxc5 12. Be2 Qc7 13. b4 Rd8 14. Bd2 Nce4 15. Nxe4 Nxe4 16. Rc1 Qb6 17. Rc2 Be7 18. Qc1 0-0 19. Nd4 Bf6 20. Nb3 Bd5 21. Nc5 Nxc5 22. Rxc5 Be7 23. Rc3 Rd7 24. Qc2 Rfd8 25. Bc1 Bf6 26. Rc5 Be7 27. Rc3 Qb7 28. f3 f5 29. Kh1 Bd6 30. Bd3 Be5 31. Rc5 Qb8 32. e4 Ba8 33. Qb3 Qd6 34. exf5 Qxd3 35. Qxd3 Rxd3 36. Rxe5 Rd1 1/2-1/2

[Event "CHN-chN (Women)"]
[Site "Jiangmen"]
[Date "2018.07.18"]
[Round "2"]
[White "Zhou, Shujun"]
[Black "Du, Yuxin"]
[Result "1/2-1/2"]
[WhiteElo "1722"]
[BlackElo "2129"]
[PlyCount "66"]
[EventDate "2018.07.18"]
[EventType "swiss"]
[EventRounds "11"]
[EventCountry "CHN"]
[SourceTitle "CBM 185 Extra"]
[Source "ChessBase"]
[SourceDate "2018.07.29"]
[SourceVersion "1"]
[SourceVersionDate "2018.07.29"]
[SourceQuality "1"]

1. c4 Nf6 2. d4 e6 3. Nc3 Bb4 4. Bd2 b6 5. Nf3 Bb7 6. e3 0-0 7. Bd3 c5 8. 0-0 d6 9. Re1 Bxc3 10. Bxc3 Ne4 11. Bxe4 Bxe4 12. Nd2 Bb7 13. e4 cxd4 14. Bxd4 Nc6 15. Bc3 Ne5 16. Qe2 Qg5 17. f3 Rac8 18. Rac1 Rfd8 19. b3 Ng6 20. Nf1 Nf4 21. Qc2 d5 22. exd5 exd5 23. Re5 Qg6 24. Re7 Ba8 25. Qxg6 hxg6 26. Bd2 Nd3 27. Rc3 dxc4 28. Rxc4 Rxc4 29. bxc4 Nb2 30. Rxa7 Nxc4 31. Bf4 Bd5 32. Ne3 Nxe3 33. Bxe3 b5 1/2-1/2

[Event "CHN-chB (Women)"]
[Site "Qinhuangdao"]
[Date "2017.07.20"]
[Round "9"]
[White "Hu, Yu A"]
[Black "Zhou, Shujun"]
[Result "1-0"]
[WhiteElo "2053"]
[BlackElo "1665"]
[PlyCount "77"]
[EventDate "2017.07.16"]
[EventType "swiss"]
[EventRounds "11"]
[EventCountry "CHN"]
[SourceTitle "CBM 179 Extra"]
[Source "ChessBase"]
[SourceDate "2017.08.23"]
[SourceVersion "1"]
[SourceVersionDate "2017.08.23"]
[SourceQuality "1"]

1. e4 e5 2. Nf3 Nc6 3. Bb5 a6 4. Ba4 Nf6 5. 0-0 Be7 6. Re1 b5 7. Bb3 d6 8. c3 0-0 9. h3 Na5 10. Bc2 c5 11. d4 Qc7 12. Nbd2 Rd8 13. d5 c4 14. Nf1 Nb7 15. Ng3 Nc5 16. Nh4 a5 17. Nhf5 b4 18. Qf3 Kh8 19. Bg5 Re8 20. Nxg7 Kxg7 21. Bxf6+ Bxf6 22. Nh5+ Kf8 23. Qxf6 Qd8 24. Qg7+ Ke7 25. Nf6 Rh8 26. cxb4 axb4 27. f4 h6 28. fxe5 dxe5 29. Nh5 Nd7 30. d6+ Kxd6 31. Qxf7 Qb6+ 32. Kh2 Qc5 33. Rad1+ Kc7 34. Nf6 Rd8 35. Ne8+ Kb8 36. Rd5 Qc6 37. Qe7 Qb6 38. Nd6 Rxa2 39. Rb5 1-0

[Event "CHN Team (Women)"]
[Site "Wuxi"]
[Date "2016.08.04"]
[Round "9.7"]
[White "Huang, Mofei"]
[Black "Zhou, Shujun"]
[Result "1/2-1/2"]
[WhiteElo "1963"]
[BlackElo "1685"]
[PlyCount "60"]
[EventDate "2016.07.28"]
[EventType "team-swiss"]
[EventRounds "9"]
[EventCountry "CHN"]
[SourceTitle "CBM 173 Extra"]
[Source "ChessBase"]
[SourceDate "2016.08.29"]
[SourceVersion "1"]
[SourceVersionDate "2016.08.29"]
[SourceQuality "1"]
[WhiteTeam "Zhejiang Feiao (W)"]
[BlackTeam "Shaanxi (W)"]
[WhiteTeamCountry "CHN"]
[BlackTeamCountry "CHN"]

1. d4 d5 2. Nf3 Nf6 3. c4 e6 4. e3 c6 5. Nc3 Nbd7 6. Qc2 Bd6 7. Bd3 dxc4 8. Bxc4 b5 9. Bd3 Bb7 10. a3 h6 11. e4 e5 12. h3 a6 13. Be3 Qc7 14. dxe5 Nxe5 15. Nxe5 Bxe5 16. b4 0-0 17. 0-0 Rfe8 18. Rae1 a5 19. Nb1 Bd6 20. f4 Bf8 21. Bc5 Bxc5+ 22. Qxc5 Qe7 23. Qxe7 Rxe7 24. bxa5 Rxa5 25. e5 Nd5 26. Rc1 Rc7 27. Rc5 Ra4 28. g3 Kh8 29. Kh1 Kg8 30. Kg1 Kh8 1/2-1/2

[Event "CHN Team (Women)"]
[Site "Wuxi"]
[Date "2016.08.01"]
[Round "6.5"]
[White "Zhou, Shujun"]
[Black "Wan, Qian"]
[Result "1/2-1/2"]
[WhiteElo "1685"]
[BlackElo "1637"]
[PlyCount "75"]
[EventDate "2016.07.28"]
[EventType "team-swiss"]
[EventRounds "9"]
[EventCountry "CHN"]
[SourceTitle "CBM 173 Extra"]
[Source "ChessBase"]
[SourceDate "2016.08.29"]
[SourceVersion "1"]
[SourceVersionDate "2016.08.29"]
[SourceQuality "1"]
[WhiteTeam "Shaanxi (W)"]
[BlackTeam "Shenzhen Qiyuan (W)"]
[WhiteTeamCountry "CHN"]
[BlackTeamCountry "CHN"]

1. e4 e5 2. Nf3 Nc6 3. Bb5 a6 4. Ba4 Nf6 5. 0-0 b5 6. Bb3 Be7 7. Re1 d6 8. c3 0-0 9. h3 Na5 10. Bc2 c5 11. d4 Qc7 12. Nbd2 Bd7 13. Nf1 cxd4 14. cxd4 Nc6 15. Bb3 a5 16. Bg5 a4 17. Bd5 exd4 18. Bxc6 Qxc6 19. Qxd4 Be6 20. Rac1 Qd7 21. e5 dxe5 22. Qxd7 Bxd7 23. Nxe5 Be6 24. Nc6 Rfe8 25. Nxe7+ Rxe7 26. a3 h6 27. Bxf6 gxf6 28. Nd2 Kg7 29. Ne4 Bd5 30. Nd6 Rxe1+ 31. Rxe1 Rb8 32. Rd1 Be6 33. Rd4 Kg6 34. Kh2 Rb6 35. Kg3 h5 36. Kf3 Rb8 37. Ke3 Rb6 38. Kd3 1/2-1/2